[Event "Zlin Region-chT 2223"]
[Site "Czech Republic"]
[Date "2023.02.12"]
[Round "8.8"]
[White "Hobza, Radek"]
[Black "Krca, Milan"]
[Result "1/2-1/2"]
[WhiteElo "1324"]
[BlackElo "1896"]
[PlyCount "48"]
[EventDate "2022.10.09"]
[EventType "team-tourn"]
[EventRounds "11"]
[EventCountry "CZE"]
[SourceTitle "EXT 2024"]
[Source "ChessBase"]
[SourceDate "2023.10.10"]
[SourceVersion "1"]
[SourceVersionDate "2023.10.10"]
[SourceQuality "1"]
[WhiteTeam "Zlin Malenovice"]
[BlackTeam "Stare Mesto  III"]
[WhiteTeamCountry "CZE"]
[BlackTeamCountry "CZE"]

1. Nf3 d5 2. d4 Nf6 3. g3 e6 4. Bg2 c5 5. c4 Nc6 6. Nc3 cxd4 7. Nxd4 Bb4 8. 0-0 0-0 9. cxd5 Nxd5 10. Nxd5 exd5 11. Be3 Be6 12. Rc1 Qd7 13. a3 Be7 14. Nxc6 bxc6 15. Bc5 Rfc8 16. b4 a5 17. Bxe7 Qxe7 18. Rc5 axb4 19. axb4 Qb7 20. Qc2 Qxb4 21. Rxc6 Rxc6 22. Qxc6 Rc8 23. Qa6 Qc5 24. Ra1 g6 1/2-1/2

[Event "Vlcnov Oharka Memorial"]
[Site "Vlcnov"]
[Date "2018.12.26"]
[Round "7"]
[White "Krca, Milan"]
[Black "Vrana, Frantisek"]
[Result "0-1"]
[WhiteElo "1970"]
[BlackElo "2271"]
[PlyCount "30"]
[EventDate "2018.12.26"]
[EventType "swiss"]
[EventRounds "9"]
[EventCountry "CZE"]
[SourceTitle "CBM 188 Extra"]
[Source "ChessBase"]
[SourceDate "2019.02.26"]
[SourceVersion "1"]
[SourceVersionDate "2019.02.26"]
[SourceQuality "1"]

1. Nc3 Nf6 2. e4 e5 3. Bc4 Nxe4 4. Bxf7+ Kxf7 5. Nxe4 d5 6. Ng3 Bd6 7. d3 Rf8 8. Nf3 Kg8 9. Bg5 Qe8 10. Qe2 Bg4 11. h3 Bxf3 12. gxf3 Nc6 13. 0-0-0 Nd4 14. Qf1 Qa4 15. b3 Qxa2 0-1

[Event "Tatry op"]
[Site "Tatranske Zruby"]
[Date "2014.10.04"]
[Round "8"]
[White "Pribyl, Josef"]
[Black "Krca, Milan"]
[Result "1/2-1/2"]
[WhiteElo "2244"]
[BlackElo "2047"]
[PlyCount "80"]
[EventDate "2014.09.28"]
[EventType "swiss"]
[EventRounds "9"]
[EventCountry "SVK"]
[SourceTitle "CBM 162 Extra"]
[Source "ChessBase"]
[SourceDate "2014.10.17"]
[SourceVersion "1"]
[SourceVersionDate "2014.10.17"]
[SourceQuality "1"]

1. Nf3 Nf6 2. g3 c5 3. c4 Nc6 4. Bg2 e5 5. Nc3 d6 6. 0-0 Be7 7. d3 0-0 8. Ne1 a6 9. Nc2 Qc7 10. Ne3 Be6 11. f4 exf4 12. gxf4 Rae8 13. f5 Bd7 14. Ned5 Qc8 15. Nxe7+ Nxe7 16. e4 h6 17. Bf4 Qc7 18. Kh1 Bc6 19. Rg1 Kh7 20. d4 cxd4 21. Qxd4 Nc8 22. Bf3 Rg8 23. Nd5 Bxd5 24. cxd5 Qb6 25. Qd3 Nd7 26. Rg2 Ne5 27. Bxe5 Rxe5 28. Rag1 Ne7 29. Bh5 g6 30. Qf3 Qc7 31. fxg6+ fxg6 32. Qf7+ Rg7 33. Bxg6+ Nxg6 34. Qxc7 Rxc7 35. Rxg6 Rxe4 36. Rxd6 Re2 37. Rb6 Rcc2 38. Rxb7+ Kh8 39. Rb8+ Kh7 40. Rb7+ Kh8 1/2-1/2

[Event "Stare Mesto op"]
[Site "Stare Mesto"]
[Date "2014.08.10"]
[Round "3"]
[White "Certek, Pavel"]
[Black "Krca, Milan"]
[Result "1/2-1/2"]
[WhiteElo "2257"]
[BlackElo "2036"]
[PlyCount "124"]
[EventDate "2014.08.08"]
[EventType "swiss"]
[EventRounds "10"]
[EventCountry "CZE"]
[SourceTitle "CBM 162 Extra"]
[Source "ChessBase"]
[SourceDate "2014.10.17"]
[SourceVersion "1"]
[SourceVersionDate "2014.10.17"]
[SourceQuality "1"]

1. Nf3 Nf6 2. d4 g6 3. g3 Bg7 4. Bg2 0-0 5. 0-0 d6 6. b3 c6 7. Bb2 Qc7 8. Nbd2 Nbd7 9. a4 Rd8 10. e4 e5 11. dxe5 Nxe5 12. Nxe5 dxe5 13. Qe2 Ne8 14. Nc4 Be6 15. Rfd1 a6 16. Bc3 Rxd1+ 17. Rxd1 b5 18. Nb2 f6 19. Bf3 Bf8 20. Bg4 Ng7 21. Kg2 h5 22. Bf3 Rd8 23. Ra1 Bc5 24. Nd3 Bd4 25. Bxd4 Rxd4 26. c3 Rd8 27. Nc5 Bc8 28. axb5 axb5 29. Qe3 Qb6 30. b4 Kh7 31. Rd1 Ne6 32. Rxd8 Qxd8 33. Nxe6 Bxe6 34. Qa7+ Qd7 35. Qxd7+ Bxd7 36. Bd1 Be6 37. h4 Kh6 38. Bc2 Kg7 39. Kf3 Kf7 40. Ke3 Ke7 41. Bd1 Kd6 42. Be2 Bc4 43. Bd1 Ke7 44. f3 Bf7 45. Kd2 g5 46. Ke3 Kd6 47. Be2 Ke7 48. Bf1 Kd6 49. Bg2 Ke7 50. Bh3 gxh4 51. gxh4 Be6 52. Bf1 Kd6 53. Be2 Bc4 54. Bd1 Be6 55. f4 Bf7 56. Be2 Kc7 57. f5 Kb6 58. Kd2 Kc7 59. Kc2 Kb6 60. Kb2 Kc7 61. c4 Kb6 62. Kc3 Ka6 1/2-1/2

[Event "CZE-chT2E 1112"]
[Site "Czech Republic"]
[Date "2012.04.22"]
[Round "11.7"]
[White "Kasik, Miroslav1111"]
[Black "Krca, Milan"]
[Result "1/2-1/2"]
[WhiteElo "1988"]
[BlackElo "2043"]
[PlyCount "20"]
[EventDate "2011.10.09"]
[EventType "team-tourn"]
[EventRounds "11"]
[EventCountry "CZE"]
[SourceTitle "EXT 2013"]
[Source "ChessBase"]
[SourceDate "2012.11.22"]
[SourceVersion "1"]
[SourceVersionDate "2012.11.22"]
[SourceQuality "1"]
[WhiteTeam "Kromeriz II"]
[BlackTeam "Stare Mesto III"]
[WhiteTeamCountry "CZE"]
[BlackTeamCountry "CZE"]

1. e4 Nf6 2. Nc3 e5 3. g3 Nc6 4. Bg2 Bb4 5. Nge2 0-0 6. 0-0 d6 7. h3 Be6 8. a3 Ba5 9. d3 h6 10. Kh2 d5 1/2-1/2

[Event "CZE-chT2E 1112"]
[Site "Czech Republic"]
[Date "2012.02.19"]
[Round "8.7"]
[White "Krca, Milan"]
[Black "Krizek, Frantisek"]
[Result "1-0"]
[WhiteElo "2043"]
[BlackElo "2018"]
[PlyCount "55"]
[EventDate "2011.10.09"]
[EventType "team-tourn"]
[EventRounds "11"]
[EventCountry "CZE"]
[SourceTitle "EXT 2013"]
[Source "ChessBase"]
[SourceDate "2012.11.22"]
[SourceVersion "1"]
[SourceVersionDate "2012.11.22"]
[SourceQuality "1"]
[WhiteTeam "Stare Mesto III"]
[BlackTeam "Borsice"]
[WhiteTeamCountry "CZE"]
[BlackTeamCountry "CZE"]

1. e4 c6 2. d4 d5 3. Nd2 dxe4 4. Nxe4 Nd7 5. Bc4 Ngf6 6. Ng5 e6 7. Qe2 Nb6 8. Bb3 a5 9. a4 h6 10. N5f3 Bd6 11. Bd2 Nbd5 12. Ne5 0-0 13. 0-0-0 Qc7 14. f4 b5 15. Qf3 Ne7 16. Ne2 Bb7 17. Qh3 Bxe5 18. fxe5 Nh7 19. Nf4 Nd5 20. Nh5 Qe7 21. Qg3 g5 22. h4 Kh8 23. hxg5 Rg8 24. Nf6 Ndxf6 25. Rxh6 Rg6 26. exf6 Qxf6 27. gxf6 Rxg3 28. Rdh1 1-0

[Event "CZE-chT2E 1112"]
[Site "Czech Republic"]
[Date "2012.01.22"]
[Round "6.7"]
[White "Krca, Milan"]
[Black "Sladek, Vladislav"]
[Result "1/2-1/2"]
[WhiteElo "2043"]
[BlackElo "1979"]
[PlyCount "26"]
[EventDate "2011.10.09"]
[EventType "team-tourn"]
[EventRounds "11"]
[EventCountry "CZE"]
[SourceTitle "EXT 2013"]
[Source "ChessBase"]
[SourceDate "2012.11.22"]
[SourceVersion "1"]
[SourceVersionDate "2012.11.22"]
[SourceQuality "1"]
[WhiteTeam "Stare Mesto III"]
[BlackTeam "Adamov"]
[WhiteTeamCountry "CZE"]
[BlackTeamCountry "CZE"]

1. e4 d5 2. exd5 Qxd5 3. d4 e5 4. Be3 exd4 5. Qxd4 Qxd4 6. Bxd4 Nc6 7. Bb5 Bd7 8. Ne2 a6 9. Bxc6 Bxc6 10. f3 0-0-0 11. Nbc3 Ne7 12. 0-0-0 Nf5 13. Bf2 Bb4 1/2-1/2

[Event "Tatry op"]
[Site "Tatranske Zruby"]
[Date "2011.09.27"]
[Round "4"]
[White "Krca, Milan"]
[Black "Jablonicky, Frantisek"]
[Result "0-1"]
[WhiteElo "2043"]
[BlackElo "2187"]
[PlyCount "76"]
[EventDate "2011.09.25"]
[EventType "swiss"]
[EventRounds "9"]
[EventCountry "SVK"]
[SourceTitle "CBM 144 Extra"]
[Source "ChessBase"]
[SourceDate "2011.10.28"]
[SourceVersion "1"]
[SourceVersionDate "2011.10.28"]
[SourceQuality "1"]

1. e4 c6 2. d4 d5 3. Nd2 dxe4 4. Nxe4 Nf6 5. Ng5 h6 6. N5f3 Bf5 7. Bd3 Nbd7 8. Ne2 e6 9. 0-0 Bxd3 10. Qxd3 Bd6 11. Bf4 Bxf4 12. Nxf4 Qc7 13. Ne2 0-0 14. Rfe1 Rfe8 15. Ng3 Rad8 16. c4 a6 17. Qc2 Nf8 18. Rad1 Ng6 19. Ne5 Nxe5 20. dxe5 Rxd1 21. Qxd1 Rd8 22. Qe2 Nd7 23. b4 c5 24. a3 Nb6 25. Qg4 cxb4 26. axb4 Qxc4 27. f4 Qxb4 28. Rf1 Nd5 29. Nh5 g6 30. h3 Kf8 31. Qh4 Qb6+ 32. Kh2 gxh5 33. Qxh5 Kg7 34. Rf3 Ne7 35. Qh4 Nf5 36. Qf6+ Kg8 37. Rc3 Rf8 38. h4 Qd8 0-1

[Event "Tatry op"]
[Site "Tatranske Zruby"]
[Date "2011.09.25"]
[Round "1"]
[White "Sosovicka, Matej"]
[Black "Krca, Milan"]
[Result "1/2-1/2"]
[WhiteElo "1961"]
[BlackElo "2043"]
[PlyCount "48"]
[EventDate "2011.09.25"]
[EventType "swiss"]
[EventRounds "9"]
[EventCountry "SVK"]
[SourceTitle "CBM 144 Extra"]
[Source "ChessBase"]
[SourceDate "2011.10.28"]
[SourceVersion "1"]
[SourceVersionDate "2011.10.28"]
[SourceQuality "1"]

1. e4 c5 2. Nf3 Nc6 3. d4 cxd4 4. Nxd4 Nf6 5. Nc3 e6 6. Ndb5 Bb4 7. a3 Bxc3+ 8. Nxc3 d5 9. exd5 exd5 10. Bd3 0-0 11. 0-0 h6 12. Bf4 a6 13. h3 b5 14. Qd2 d4 15. Ne4 Bf5 16. Rfe1 Nxe4 17. Bxe4 Qd7 18. Qd3 Bxe4 19. Rxe4 Rfe8 20. Rae1 f5 21. Rxe8+ Rxe8 22. Rxe8+ Qxe8 23. Qxf5 Qe1+ 24. Kh2 Qxf2 1/2-1/2

[Event "CZE-chT2E 1011"]
[Site "Czech Republic"]
[Date "2011.01.23"]
[Round "6.6"]
[White "Kuchynka, Lubos"]
[Black "Krca, Milan"]
[Result "0-1"]
[WhiteElo "2021"]
[BlackElo "2025"]
[PlyCount "102"]
[EventDate "2010.10.17"]
[EventType "team-tourn"]
[EventRounds "11"]
[EventCountry "CZE"]
[SourceTitle "EXT 2012"]
[Source "ChessBase"]
[SourceDate "2011.11.24"]
[SourceVersion "1"]
[SourceVersionDate "2011.11.24"]
[SourceQuality "1"]
[WhiteTeam "Hustopece"]
[BlackTeam "Stare Mesto III"]
[WhiteTeamCountry "CZE"]
[BlackTeamCountry "CZE"]

1. d4 Nf6 2. c4 c5 3. d5 e6 4. Nc3 exd5 5. cxd5 d6 6. e4 g6 7. h3 Bg7 8. Nf3 0-0 9. Bd3 a6 10. a4 Nbd7 11. Bf4 Qc7 12. 0-0 Re8 13. Re1 Nh5 14. Bh2 Ne5 15. Be2 Nf6 16. Nd2 Rb8 17. f4 Ned7 18. a5 Re7 19. e5 Ne8 20. Bf3 f5 21. Nc4 b5 22. exd6 Rxe1+ 23. Qxe1 Nxd6 24. Ne5 Bb7 25. g4 Re8 26. gxf5 Nxf5 27. d6 Nxd6 28. Bxb7 Qxb7 29. Qd2 Nxe5 30. fxe5 Nc4 31. Qd5+ Qxd5 32. Nxd5 Nxe5 33. Nc7 Rc8 34. Nxa6 Nf3+ 35. Kg2 Nxh2 36. Kxh2 Bxb2 37. Re1 Kf7 38. Kg2 Kf6 39. Rb1 Bd4 40. Rxb5 Ke6 41. Kf3 Kd5 42. Ke2 Kc4 43. Rb6 Ra8 44. Kd1 Ra7 45. Kc2 g5 46. Rh6 Be3 47. Re6 Bf4 48. Rc6 Kb5 49. Rxc5+ Kxa6 50. Kd3 Rg7 51. Ke4 Bd2 0-1

[Event "Tatry op"]
[Site "Tatranske Zruby"]
[Date "2010.10.09"]
[Round "9"]
[White "Krca, Milan"]
[Black "Polacik, Igor"]
[Result "1/2-1/2"]
[WhiteElo "2025"]
[BlackElo "2199"]
[PlyCount "50"]
[EventDate "2010.10.02"]
[EventType "swiss"]
[EventRounds "9"]
[EventCountry "SVK"]
[SourceTitle "CBM 138 Extra"]
[Source "ChessBase"]
[SourceDate "2010.10.29"]
[SourceVersion "1"]
[SourceVersionDate "2010.10.29"]
[SourceQuality "1"]

1. e4 e5 2. Nf3 Nc6 3. Bb5 a6 4. Ba4 d6 5. 0-0 Bd7 6. c3 Nge7 7. d4 Ng6 8. Be3 Be7 9. Nbd2 h6 10. Re1 Bg5 11. Nf1 Qf6 12. d5 Nb8 13. Bxd7+ Nxd7 14. Ng3 Nf4 15. Rc1 h5 16. Rc2 h4 17. Nf5 g6 18. Bxf4 Bxf4 19. Ne3 Qe7 20. g3 hxg3 21. fxg3 Bh6 22. h4 b6 23. Qd3 Bxe3+ 24. Rxe3 Kf8 25. Qf1 Kg7 1/2-1/2

[Event "CZE-chT2E 0910"]
[Site "Czech Republic"]
[Date "2010.04.18"]
[Round "11.8"]
[White "Krca, Milan"]
[Black "Kocian, Miroslav"]
[Result "1/2-1/2"]
[WhiteElo "2108"]
[BlackElo "2020"]
[PlyCount "122"]
[EventDate "2009.10.18"]
[EventType "team-tourn"]
[EventRounds "11"]
[EventCountry "CZE"]
[SourceTitle "EXT 2012"]
[Source "ChessBase"]
[SourceDate "2011.11.24"]
[SourceVersion "1"]
[SourceVersionDate "2011.11.24"]
[SourceQuality "1"]
[WhiteTeam "Stare Mesto III"]
[BlackTeam "Zlin II"]
[WhiteTeamCountry "CZE"]
[BlackTeamCountry "CZE"]

1. e4 d6 2. d4 Nf6 3. Nc3 g6 4. f4 Bg7 5. e5 dxe5 6. dxe5 Qxd1+ 7. Kxd1 Ng4 8. Ke1 h5 9. h3 Nh6 10. Nd5 Kd8 11. Bc4 c6 12. Ne3 b5 13. Bb3 Nd7 14. Bd2 Nc5 15. Rd1 Bd7 16. Ba5+ Ke8 17. Ne2 Nb7 18. Bc3 e6 19. Ng3 Nf5 20. Nexf5 gxf5 21. Bd2 h4 22. Ne2 c5 23. c4 a6 24. Be3 Bc6 25. Kf2 Bf8 26. Ng1 Na5 27. Rc1 bxc4 28. Bxc4 Nxc4 29. Rxc4 Bd5 30. Rc2 c4 31. a3 Rg8 32. Rh2 Be7 33. Ne2 Rb8 34. Nd4 Kd7 35. Rd2 Ke8 36. Rc2 f6 37. Nf3 fxe5 38. Nxe5 Rg3 39. Bd4 Rc8 40. Rc3 Bc5 41. Bxc5 Rxc3 42. bxc3 Rxc5 43. Ng6 Ra5 44. Ke3 Rxa3 45. Kd4 Ra2 46. Nxh4 a5 47. Kc5 a4 48. Nxf5 Rb2 49. Nd6+ Kf8 50. Nxc4 Rf2 51. f5 Bxc4 52. Kxc4 exf5 53. Rh1 Rxg2 54. Rf1 Rh2 55. Rxf5+ Ke7 56. Ra5 Rxh3 57. Rxa4 Kd6 58. Ra6+ Kc7 59. Kb4 Kb7 60. Rg6 Rh5 61. c4 Rf5 1/2-1/2

[Event "CZE-chT2E 0910"]
[Site "Czech Republic"]
[Date "2010.02.14"]
[Round "7.8"]
[White "Rafaja, Marek1111"]
[Black "Krca, Milan"]
[Result "0-1"]
[WhiteElo "1929"]
[BlackElo "2108"]
[PlyCount "78"]
[EventDate "2009.10.18"]
[EventType "team-tourn"]
[EventRounds "11"]
[EventCountry "CZE"]
[SourceTitle "EXT 2012"]
[Source "ChessBase"]
[SourceDate "2011.11.24"]
[SourceVersion "1"]
[SourceVersionDate "2011.11.24"]
[SourceQuality "1"]
[WhiteTeam "Holesov"]
[BlackTeam "Stare Mesto III"]
[WhiteTeamCountry "CZE"]
[BlackTeamCountry "CZE"]

1. e4 Nf6 2. Nc3 e5 3. Nf3 Nc6 4. Bc4 Bb4 5. d3 0-0 6. Bd2 d6 7. h3 Na5 8. Bb3 Nxb3 9. axb3 c6 10. 0-0 h6 11. Ne2 Bc5 12. Ng3 Be6 13. Qc1 Kh7 14. Re1 Qd7 15. Be3 Bxe3 16. Qxe3 c5 17. Qd2 Ng8 18. Nh4 g6 19. Kh2 Qe7 20. Nf3 f5 21. b4 f4 22. Ne2 b6 23. bxc5 bxc5 24. Nc3 Nf6 25. Ra6 g5 26. Rea1 Rfb8 27. Na4 Bc8 28. Ra5 Rb7 29. b3 g4 30. Ng1 Be6 31. Nc3 gxh3 32. Nxh3 Rg8 33. Rg1 Qg7 34. Raa1 Qg4 35. Qe2 Qh4 36. Qf1 Ng4+ 37. Kh1 Nxf2+ 38. Qxf2 Rg3 39. Rge1 Rxh3+ 0-1

[Event "Tatry op"]
[Site "Tatranske Zruby"]
[Date "2009.09.30"]
[Round "5"]
[White "Briza, Jiri"]
[Black "Krca, Milan"]
[Result "1-0"]
[WhiteElo "1895"]
[BlackElo "2108"]
[PlyCount "77"]
[EventDate "2009.09.27"]
[EventType "swiss"]
[EventRounds "9"]
[EventCountry "SVK"]
[SourceTitle "EXT 2011"]
[Source "ChessBase"]
[SourceDate "2010.11.26"]
[SourceVersion "1"]
[SourceVersionDate "2010.11.26"]
[SourceQuality "1"]

1. b3 Nf6 2. Bb2 c5 3. c4 e6 4. e3 d5 5. Nf3 Nc6 6. cxd5 exd5 7. d4 cxd4 8. Nxd4 Bb4+ 9. Bc3 0-0 10. Nxc6 Bxc3+ 11. Nxc3 bxc6 12. Be2 Qd6 13. 0-0 Bf5 14. Bf3 Rfd8 15. Rc1 c5 16. Qe2 Rac8 17. Rfd1 d4 18. Nb5 Qb6 19. exd4 cxd4 20. Rxc8 Bxc8 21. Qc4 Be6 22. Qc7 d3 23. Kf1 Bf5 24. Qxb6 axb6 25. Ke1 g5 26. h3 h5 27. Kd2 g4 28. hxg4 hxg4 29. Bb7 Nd7 30. Nd6 Bg6 31. Be4 Bh5 32. Nb7 Rb8 33. Re1 Nf6 34. Nd6 Rd8 35. Nf5 Kf8 36. Ng3 Rd4 37. Re3 Nxe4+ 38. Rxe4 Rd7 39. Nxh5 1-0

[Event "CZE-chT2E 0809"]
[Site "Czech Republic"]
[Date "2009.04.05"]
[Round "11.8"]
[White "Kosik, Roman"]
[Black "Krca, Milan"]
[Result "0-1"]
[WhiteElo "1811"]
[BlackElo "2090"]
[PlyCount "64"]
[EventDate "2008.10.12"]
[EventType "team-tourn"]
[EventRounds "11"]
[EventCountry "CZE"]
[SourceTitle "EXT 2010"]
[Source "ChessBase"]
[SourceDate "2010.11.25"]
[SourceVersion "1"]
[SourceVersionDate "2010.11.25"]
[SourceQuality "1"]
[WhiteTeam "Olomouc"]
[BlackTeam "Stare Mesto II"]
[WhiteTeamCountry "CZE"]
[BlackTeamCountry "CZE"]

1. e4 Nf6 2. Nc3 e5 3. Nf3 Nc6 4. Bc4 Bb4 5. d3 0-0 6. 0-0 h6 7. Bd2 d6 8. h3 Ne7 9. Ne2 Bxd2 10. Qxd2 c6 11. Bb3 Ng6 12. Ng3 Be6 13. Bxe6 fxe6 14. Rfe1 Qe7 15. Rad1 Rad8 16. d4 Nd7 17. d5 cxd5 18. exd5 Nb6 19. dxe6 Qxe6 20. b3 Nf4 21. Nd4 Qd5 22. Nf3 Qc6 23. Kh2 Nxg2 24. Rg1 Nf4 25. Nh4 Qd7 26. Ngf5 Rxf5 27. Nxf5 Qxf5 28. Rg3 Nbd5 29. Qa5 b6 30. Qxa7 Nh5 31. Rxd5 Nxg3 32. fxg3 Qf2+ 0-1